| 000 | 00459nam a2200181Ia 4500 | ||
|---|---|---|---|
| 001 | 10846 | ||
| 005 | 20260306161902.0 | ||
| 008 | 260306t1984||||xx |||||||||||||| ||spa|| | ||
| 041 | _aESP | ||
| 082 |
_a974.02 _bD69 |
||
| 100 |
_aDíaz del Castillo, Bernal _eAUT |
||
| 245 | 0 | _aHistoria verdadera de la conquista de la Nueva España | |
| 260 | _c1984 | ||
| 300 |
_a493 páginas : _c19 cm. |
||
| 650 | _aGEN | ||
| 654 | _aCHU | ||
| 942 |
_cLIB _dJUS _fJUS _2ddc _n |
||
| 999 |
_c10846 _d10846 |
||